Central Library OPAC University of Rajshahi

International bureaucracy : (Record no. 5241)

MARC details
000 -LEADER
fixed length control field 00863pam a2200265 i 4500
001 - CONTROL NUMBER
control field 5241
003 - CONTROL NUMBER IDENTIFIER
rucl marc code BD-RjUL
005 - DATE AND TIME OF LATEST TRANSACTION
control field 20211208234032.0
008 - FIXED-LENGTH DATA ELEMENTS--GENERAL INFORMATION
fixed length control field 131224s1975 mau b 001 0 eng
020 ## - INTERNATIONAL STANDARD BOOK NUMBER
International Standard Book Number 0669993417
035 ## - SYSTEM CONTROL NUMBER
System control number (BD-RjUL)5277
040 ## - CATALOGING SOURCE
Original cataloging agency DLC
Transcribing agency DLC
Modifying agency DLC
-- BD-RjUL
Language of cataloging eng
041 ## - LANGUAGE CODE
Language code of text/sound track or separate title eng
082 00 - DEWEY DECIMAL CLASSIFICATION NUMBER
Classification number 341.2
Author mark and year WEI
100 1# - MAIN ENTRY--PERSONAL NAME
Personal name Weiss, Thomas George.
9 (RLIN) 16479
245 10 - TITLE STATEMENT
Title International bureaucracy :
Remainder of title an analysis of the operation of functional and global international secretariats /
Statement of responsibility, etc. Thomas George Weiss.
260 ## - PUBLICATION, DISTRIBUTION, ETC. (IMPRINT)
Place of publication, distribution, etc. Lexington, Mass. :
Name of publisher, distributor, etc. Lexington Books,
Date of publication, distribution, etc. c1975.
300 ## - PHYSICAL DESCRIPTION
Pagination xxiv, 187 p. ;
Size 24 cm.
504 ## - BIBLIOGRAPHY, ETC. NOTE
Bibliography, etc Includes Bibliography: p. 169-180 and index.
650 #0 - SUBJECT ADDED ENTRY--TOPICAL TERM
Topical term or geographic name as entry element International agencies.
9 (RLIN) 5813
Topical term or geographic name as entry element International officials and employees.
9 (RLIN) 16480
942 ## - ADDED ENTRY ELEMENTS (KOHA)
Source of classification or shelving scheme Dewey Decimal Classification
Koha item type Books
Holdings
Lost status Source of classification or shelving scheme Damaged status Not for loan Collection code Permanent Location Current Location Shelving location Date acquired Source of acquisition Cost, normal purchase price Total Checkouts Full call number Date last seen Copy number Koha item type
  Dewey Decimal Classification     Non-fiction Central Library, University of Rajshahi Central Library, University of Rajshahi   05/05/1978 Heffers. 8.85   341.2 WEI 1975 24/12/2013 C-2 Books
  Dewey Decimal Classification     Non-fiction Central Library, University of Rajshahi Central Library, University of Rajshahi   05/05/1978 Heffers. 8.85   341.2 WEI 1975 13/08/2016 C-3 Books